[Event "Turniej Blitza na II Lidze Juniorów 2018"]
[Site "Szczyrk, Poland"]
[Date "????.??.??"]
[Round "7.24"]
[White "Bar, Klaudia"]
[Black "Poltorak, Sebastian"]
[Result "0-1"]
[TimeControl "3'+2\""]
[WhiteElo "1337"]
[BlackElo "1594"]

1. d4 {[%clk 00:03:03]} Nf6 {[%clk 00:03:03]} {[%emt 00:00:01]} 2. Bf4 {[%clk
00:03:04]} e6 {[%clk 00:03:04]} {[%emt 00:00:01]} 3. e3 {[%clk 00:03:05]} c5
{[%clk 00:03:05]} {[%emt 00:00:01]} 4. c3 {[%clk 00:03:06]} {[%emt 00:00:02]}
b6 {[%clk 00:03:07]} 5. Nf3 {[%clk 00:03:05]} {[%emt 00:00:03]} Bb7 {[%clk
00:03:08]} {[%emt 00:00:01]} 6. Nbd2 {[%clk 00:03:06]} d6 {[%clk 00:03:09]}
{[%emt 00:00:01]} 7. Bd3 {[%clk 00:03:06]} Be7 {[%clk 00:03:10]} {[%emt
00:00:01]} 8. O-O {[%clk 00:03:07]} {[%emt 00:00:02]} Nbd7 {[%clk 00:03:11]} 9.
Bc2 {[%clk 00:03:08]} {[%emt 00:00:02]} O-O {[%clk 00:03:11]} {[%emt 00:00:01]}
10. Nc4 {[%clk 00:03:08]} {[%emt 00:00:03]} Ba6 {[%clk 00:02:43]} {[%emt
00:00:30]} 11. Bd3 {[%clk 00:02:57]} {[%emt 00:00:13]} Nb8 {[%clk 00:02:23]}
{[%emt 00:00:21]} 12. a3 {[%clk 00:02:30]} {[%emt 00:00:30]} Nc6 {[%clk
00:01:55]} {[%emt 00:00:30]} 13. b4 {[%clk 00:02:18]} {[%emt 00:00:13]} b5
{[%clk 00:01:51]} {[%emt 00:00:06]} 14. Nb2 {[%clk 00:02:15]} {[%emt 00:00:04]}
c4 {[%clk 00:01:52]} {[%emt 00:00:02]} 15. Bc2 {[%clk 00:02:16]} Nh5 {[%clk
00:01:39]} {[%emt 00:00:15]} 16. Bg3 {[%clk 00:02:15]} {[%emt 00:00:04]} Nxg3
{[%clk 00:01:40]} {[%emt 00:00:01]} 17. fxg3 {[%clk 00:02:13]} {[%emt
00:00:03]} Bb7 {[%clk 00:01:27]} {[%emt 00:00:15]} 18. a4 {[%clk 00:02:14]}
{[%emt 00:00:01]} a6 {[%clk 00:01:27]} {[%emt 00:00:03]} 19. d5 {[%clk
00:02:09]} {[%emt 00:00:06]} exd5 {[%clk 00:01:26]} {[%emt 00:00:04]} 20. Qxd5
{[%clk 00:02:10]} Qb6 {[%clk 00:01:22]} {[%emt 00:00:05]} 21. Qd2 {[%clk
00:02:06]} {[%emt 00:00:05]} Bf6 {[%clk 00:01:11]} {[%emt 00:00:14]} 22. Nd4
{[%clk 00:01:58]} {[%emt 00:00:10]} Nxd4 {[%clk 00:01:12]} {[%emt 00:00:01]} 23.
exd4 {[%clk 00:01:54]} {[%emt 00:00:06]} Qc6 {[%clk 00:01:13]} {[%emt
00:00:01]} 24. Rae1 {[%clk 00:01:47]} {[%emt 00:00:10]} Rfe8 {[%clk 00:01:12]}
{[%emt 00:00:02]} 25. Rd1 {[%clk 00:01:37]} {[%emt 00:00:12]} Bg5 {[%clk
00:01:10]} {[%emt 00:00:05]} 26. d5 {[%clk 00:01:25]} {[%emt 00:00:13]} Bxd2
{[%clk 00:01:11]} {[%emt 00:00:01]} 27. dxc6 {[%clk 00:01:25]} {[%emt
00:00:02]} Be3+ {[%clk 00:01:13]} {[%emt 00:00:01]} 28. Kh1 {[%clk 00:01:25]}
{[%emt 00:00:02]} Bxc6 {[%clk 00:01:13]} {[%emt 00:00:01]} 29. Rxd6 {[%clk
00:01:22]} {[%emt 00:00:06]} Bb7 {[%clk 00:01:14]} 30. Rd7 {[%clk 00:01:21]}
{[%emt 00:00:03]} Bc6 {[%clk 00:01:15]} 31. Rdxf7 {[%clk 00:01:17]} {[%emt
00:00:06]} Bd2 {[%clk 00:01:00]} {[%emt 00:00:17]} 32. axb5 {[%clk 00:01:06]}
{[%emt 00:00:13]} axb5 {[%clk 00:01:01]} {[%emt 00:00:02]} 33. Bd1 {[%clk
00:01:00]} {[%emt 00:00:07]} Bxc3 {[%clk 00:01:01]} {[%emt 00:00:02]} 34. Rc7
{[%clk 00:00:47]} {[%emt 00:00:15]} Bxg2+ {[%clk 00:01:01]} {[%emt 00:00:03]}
35. Kxg2 {[%clk 00:00:46]} {[%emt 00:00:03]} Bxb2 {[%clk 00:01:01]} {[%emt
00:00:02]} 36. Bf3 {[%clk 00:00:38]} {[%emt 00:00:09]} Rad8 {[%clk 00:00:56]}
{[%emt 00:00:07]} 37. Bc6 {[%clk 00:00:37]} {[%emt 00:00:03]} Rf8 {[%clk
00:00:51]} {[%emt 00:00:08]} 38. Rxf8+ {[%clk 00:00:31]} {[%emt 00:00:08]} Rxf8
{[%clk 00:00:51]} {[%emt 00:00:01]} 39. Bxb5 {[%clk 00:00:32]} {[%emt
00:00:01]} c3 {[%clk 00:00:53]} 40. Bd3 {[%clk 00:00:28]} {[%emt 00:00:05]} Rd8
{[%clk 00:00:51]} {[%emt 00:00:04]} 41. Be4 {[%clk 00:00:23]} {[%emt 00:00:07]}
Rd4 {[%clk 00:00:46]} {[%emt 00:00:07]} 42. Rc8+ {[%clk 00:00:09]} {[%emt
00:00:17]} Kf7 {[%clk 00:00:46]} {[%emt 00:00:01]} 43. Bxh7 {[%clk 00:00:09]}
{[%emt 00:00:02]} Rxb4 {[%clk 00:00:45]} {[%emt 00:00:04]} 44. Bd3 {[%clk
00:00:06]} {[%emt 00:00:04]} Rd4 {[%clk 00:00:45]} {[%emt 00:00:02]} 45. Bf5
{[%clk 00:00:06]} {[%emt 00:00:02]} Kf6 {[%clk 00:00:37]} {[%emt 00:00:10]} 46.
g4 {[%clk 00:00:03]} {[%emt 00:00:05]} Kg5 {[%clk 00:00:31]} {[%emt 00:00:09]}
47. Kf3 {[%clk 00:00:00]} {[%emt 00:00:02]} 0-1

[Event "Turniej Blitza na II Lidze Juniorów 2018"]
[Site "Szczyrk, Poland"]
[Date "????.??.??"]
[Round "7.53"]
[White "Pawlak, Emilia"]
[Black "Sulima, Franciszek"]
[Result "1-0"]
[TimeControl "3'+2\""]
[WhiteElo "1319"]
[BlackElo "1176"]

1. e4 {[%clk 00:03:02]} {[%emt 00:00:38]} c5 {[%clk 00:03:02]} {[%emt
00:00:02]} 2. Nf3 {[%clk 00:03:02]} d6 {[%clk 00:03:02]} {[%emt 00:00:02]} 3.
d4 {[%clk 00:03:02]} cxd4 {[%clk 00:03:02]} {[%emt 00:00:01]} 4. Nxd4 {[%clk
00:03:02]} Nf6 {[%clk 00:03:02]} 5. Nc3 {[%clk 00:03:02]} e6 {[%clk 00:03:02]}
{[%emt 00:00:01]} 6. g4 {[%clk 00:03:02]} {[%emt 00:00:15]} h6 {[%clk
00:03:02]} {[%emt 00:00:04]} 7. Be2 {[%clk 00:03:02]} {[%emt 00:00:08]} Nbd7
{[%clk 00:03:02]} {[%emt 00:00:13]} 8. h4 {[%clk 00:03:02]} {[%emt 00:00:03]}
a5 {[%clk 00:02:57]} {[%emt 00:00:18]} 9. Be3 {[%clk 00:02:52]} {[%emt
00:00:12]} Nc5 {[%clk 00:02:53]} {[%emt 00:00:06]} 10. Bf3 {[%clk 00:02:41]}
{[%emt 00:00:13]} Be7 {[%clk 00:02:44]} {[%emt 00:00:12]} 11. Qd2 {[%clk
00:02:38]} {[%emt 00:00:05]} e5 {[%clk 00:02:33]} {[%emt 00:00:13]} 12. Nf5
{[%clk 00:02:33]} {[%emt 00:00:07]} Bxf5 {[%clk 00:02:21]} {[%emt 00:00:14]} 13.
gxf5 {[%clk 00:02:33]} {[%emt 00:00:02]} Qc7 {[%clk 00:02:14]} {[%emt
00:00:09]} 14. Rg1 {[%clk 00:02:26]} {[%emt 00:00:08]} Rg8 {[%clk 00:02:09]}
{[%emt 00:00:07]} 15. Bh1 {[%clk 00:02:06]} {[%emt 00:00:23]} Rd8 {[%clk
00:01:53]} {[%emt 00:00:18]} 16. f4 {[%clk 00:02:01]} {[%emt 00:00:07]} Nfd7
{[%clk 00:01:26]} {[%emt 00:00:29]} 17. Nd5 {[%clk 00:01:54]} {[%emt 00:00:08]}
Bxh4+ {[%clk 00:01:22]} {[%emt 00:00:06]} 18. Bf2 {[%clk 00:01:46]} {[%emt
00:00:10]} Bxf2+ {[%clk 00:01:22]} {[%emt 00:00:02]} 19. Qxf2 {[%clk 00:01:47]}
{[%emt 00:00:01]} Qc6 {[%clk 00:01:16]} {[%emt 00:00:08]} 20. f6 {[%clk
00:01:38]} {[%emt 00:00:12]} g6 {[%clk 00:01:11]} {[%emt 00:00:07]} 21. Ne7
{[%clk 00:01:35]} {[%emt 00:00:05]} Qb5 {[%clk 00:00:56]} {[%emt 00:00:15]} 22.
Nxg8 {[%clk 00:01:30]} {[%emt 00:00:08]} Qxb2 {[%clk 00:00:52]} {[%emt
00:00:06]} 23. Rd1 {[%clk 00:01:20]} {[%emt 00:00:12]} exf4 {[%clk 00:00:41]}
{[%emt 00:00:14]} 24. Qxf4 {[%clk 00:01:08]} {[%emt 00:00:14]} Qxc2 {[%clk
00:00:39]} {[%emt 00:00:04]} 25. Qd2 {[%clk 00:01:04]} {[%emt 00:00:05]} Qa4
{[%clk 00:00:35]} {[%emt 00:00:05]} 26. Qxd6 {[%clk 00:01:00]} {[%emt
00:00:07]} Nxe4 {[%clk 00:00:33]} {[%emt 00:00:05]} 27. Qe7# {[%clk 00:00:56]}
{[%emt 00:00:06]} 1-0

[Event "Turniej Blitza na II Lidze Juniorów 2018"]
[Site "Szczyrk, Poland"]
[Date "????.??.??"]
[Round "7.6"]
[White "Radecki, Adam"]
[Black "Marczak, Szymon"]
[Result "0-1"]
[TimeControl "3'+2\""]
[WhiteElo "1782"]
[BlackElo "1855"]

1. e4 {[%clk 00:03:02]} {[%emt 00:00:55]} b6 {[%clk 00:03:02]} 2. d3 {[%clk
00:03:02]} {[%emt 00:00:01]} Bb7 {[%emt 00:00:01]} 3. g3 c5 {[%clk 00:03:02]}
{[%emt 00:00:01]} 4. Bg2 {[%clk 00:03:02]} e6 {[%clk 00:03:02]} 5. f4 {[%clk
00:03:02]} {[%emt 00:00:01]} Nf6 {[%clk 00:03:02]} {[%emt 00:00:04]} 6. Nf3
{[%clk 00:03:02]} d5 {[%clk 00:03:02]} {[%emt 00:00:02]} 7. Nbd2 {[%clk
00:03:02]} {[%emt 00:00:02]} Be7 {[%clk 00:03:02]} {[%emt 00:00:04]} 8. O-O
{[%clk 00:03:02]} {[%emt 00:00:01]} O-O {[%clk 00:03:02]} 9. c3 {[%clk
00:03:02]} {[%emt 00:00:07]} dxe4 {[%clk 00:03:02]} {[%emt 00:00:01]} 10. dxe4
{[%clk 00:03:02]} Nxe4 {[%clk 00:03:02]} {[%emt 00:00:10]} 11. Nxe4 {[%clk
00:03:02]} {[%emt 00:00:14]} Bxe4 {[%clk 00:03:02]} {[%emt 00:00:02]} 12. Qa4
{[%clk 00:03:02]} {[%emt 00:00:04]} Bc6 {[%clk 00:03:02]} {[%emt 00:00:10]} 13.
Qc2 {[%clk 00:03:02]} {[%emt 00:00:03]} Qc7 {[%clk 00:03:02]} {[%emt 00:00:01]}
14. Be3 {[%clk 00:03:02]} {[%emt 00:00:12]} Nd7 {[%clk 00:03:02]} {[%emt
00:00:01]} 15. f5 {[%clk 00:02:40]} {[%emt 00:00:26]} exf5 {[%clk 00:02:52]}
{[%emt 00:00:12]} 16. Qxf5 {[%clk 00:02:39]} {[%emt 00:00:04]} Nf6 {[%clk
00:02:46]} {[%emt 00:00:08]} 17. Bf4 {[%clk 00:02:33]} {[%emt 00:00:07]} Qd7
{[%clk 00:02:40]} {[%emt 00:00:09]} 18. Qc2 {[%clk 00:02:28]} {[%emt 00:00:06]}
Qb7 {[%emt 00:00:09]} 19. Rfe1 {[%clk 00:02:24]} {[%emt 00:00:05]} Rfe8 {[%clk
00:02:33]} {[%emt 00:00:03]} 20. Nh4 {[%clk 00:02:21]} {[%emt 00:00:06]} Bxg2
{[%clk 00:02:32]} {[%emt 00:00:03]} 21. Nxg2 {[%clk 00:02:21]} {[%emt
00:00:01]} c4 {[%clk 00:02:29]} {[%emt 00:00:05]} 22. Be3 {[%clk 00:02:14]}
{[%emt 00:00:10]} Ng4 {[%clk 00:02:24]} {[%emt 00:00:07]} 23. Bd4 {[%clk
00:02:10]} {[%emt 00:00:06]} Bf6 {[%clk 00:02:21]} {[%emt 00:00:05]} 24. Bxf6
{[%clk 00:02:05]} {[%emt 00:00:06]} Nxf6 {[%clk 00:02:21]} {[%emt 00:00:02]} 25.
Ne3 {[%clk 00:02:02]} {[%emt 00:00:06]} Qc6 {[%clk 00:02:16]} {[%emt 00:00:07]}
26. Nf5 {[%clk 00:01:59]} {[%emt 00:00:05]} Qc5+ {[%clk 00:02:13]} {[%emt
00:00:05]} 27. Kg2 {[%clk 00:01:55]} {[%emt 00:00:06]} g6 {[%clk 00:02:11]}
{[%emt 00:00:03]} 28. Nd4 {[%clk 00:01:54]} {[%emt 00:00:03]} Qd5+ {[%clk
00:02:09]} {[%emt 00:00:04]} 29. Kg1 {[%clk 00:01:52]} {[%emt 00:00:05]} Kg7
{[%clk 00:02:09]} {[%emt 00:00:01]} 30. Rad1 {[%clk 00:01:49]} {[%emt
00:00:05]} Rxe1+ {[%clk 00:02:06]} {[%emt 00:00:06]} 31. Rxe1 {[%clk 00:01:50]}
Re8 {[%clk 00:02:02]} {[%emt 00:00:05]} 32. Rf1 {[%clk 00:01:44]} {[%emt
00:00:08]} Ng4 {[%clk 00:01:56]} {[%emt 00:00:09]} 33. Qd2 {[%clk 00:01:37]}
{[%emt 00:00:09]} Qe4 {[%clk 00:01:46]} {[%emt 00:00:12]} 34. h3 {[%clk
00:01:27]} {[%emt 00:00:12]} Qe3+ {[%clk 00:01:40]} {[%emt 00:00:07]} 35. Qxe3
{[%clk 00:01:25]} {[%emt 00:00:04]} Nxe3 {[%clk 00:01:40]} {[%emt 00:00:03]} 36.
Re1 {[%clk 00:01:21]} {[%emt 00:00:06]} Re7 {[%clk 00:01:28]} {[%emt 00:00:14]}
37. Nc6 {[%clk 00:01:01]} {[%emt 00:00:22]} Rc7 {[%clk 00:01:23]} {[%emt
00:00:06]} 38. Rxe3 {[%clk 00:01:00]} {[%emt 00:00:03]} Rxc6 39. Re7 a5 {[%clk
00:01:21]} {[%emt 00:00:05]} 40. Kf2 {[%clk 00:01:02]} {[%emt 00:00:01]} Kf6
{[%clk 00:01:22]} {[%emt 00:00:01]} 41. Rd7 {[%clk 00:01:03]} {[%emt 00:00:02]}
Ke6 {[%clk 00:01:22]} {[%emt 00:00:01]} 42. Rd4 {[%clk 00:01:04]} {[%emt
00:00:02]} b5 {[%clk 00:01:21]} {[%emt 00:00:03]} 43. Kf3 {[%clk 00:01:04]}
{[%emt 00:00:01]} f5 {[%clk 00:01:22]} 44. g4 {[%clk 00:01:05]} {[%emt
00:00:02]} fxg4+ {[%clk 00:01:13]} {[%emt 00:00:11]} 45. Kxg4 {[%clk 00:01:04]}
{[%emt 00:00:02]} Rc5 {[%clk 00:01:03]} {[%emt 00:00:12]} 46. Re4+ {[%clk
00:01:04]} {[%emt 00:00:03]} Kf6 {[%clk 00:00:59]} {[%emt 00:00:06]} 47. Re8
{[%clk 00:01:03]} {[%emt 00:00:02]} h5+ {[%clk 00:00:57]} {[%emt 00:00:04]} 48.
Kf3 {[%clk 00:00:59]} {[%emt 00:00:05]} Kg5 {[%clk 00:00:57]} {[%emt 00:00:03]}
49. Re4 {[%clk 00:00:54]} {[%emt 00:00:07]} Rf5+ {[%clk 00:00:54]} {[%emt
00:00:05]} 50. Kg3 {[%clk 00:00:55]} {[%emt 00:00:02]} Kf6 {[%clk 00:00:49]}
{[%emt 00:00:06]} 51. h4 {[%clk 00:00:52]} {[%emt 00:00:06]} Rd5 {[%clk
00:00:49]} {[%emt 00:00:02]} 52. Kf4 {[%clk 00:00:47]} {[%emt 00:00:07]} Rd2
{[%clk 00:00:49]} {[%emt 00:00:02]} 53. b3 {[%clk 00:00:42]} {[%emt 00:00:07]}
Rxa2 {[%clk 00:00:30]} {[%emt 00:00:20]} 54. bxc4 {[%clk 00:00:43]} b4 {[%clk
00:00:26]} {[%emt 00:00:06]} 55. cxb4 {[%clk 00:00:42]} {[%emt 00:00:03]} axb4
{[%clk 00:00:27]} {[%emt 00:00:01]} 56. c5 {[%clk 00:00:44]} b3 {[%clk
00:00:27]} {[%emt 00:00:03]} 57. Rb4 {[%clk 00:00:45]} b2 {[%clk 00:00:23]}
{[%emt 00:00:06]} 58. c6 {[%clk 00:00:46]} Ra4 {[%clk 00:00:21]} {[%emt
00:00:04]} 59. Rxa4 {[%clk 00:00:42]} {[%emt 00:00:06]} b1=Q {[%clk 00:00:22]}
{[%emt 00:00:01]} 60. Rc4 {[%clk 00:00:41]} {[%emt 00:00:03]} Qf1+ {[%clk
00:00:22]} {[%emt 00:00:02]} 61. Ke4 {[%clk 00:00:43]} Qxc4+ {[%clk 00:00:23]}
{[%emt 00:00:01]} 0-1

[Event "Turniej Blitza na II Lidze Juniorów 2018"]
[Site "Szczyrk, Poland"]
[Date "????.??.??"]
[Round "7.11"]
[White "Janocha, Wieslaw"]
[Black "Paprocki, Antoni"]
[Result "1-0"]
[TimeControl "3'+2\""]
[WhiteTitle "FM"]
[WhiteElo "2197"]
[BlackElo "1570"]

1. e4 {[%clk 00:03:03]} e5 {[%clk 00:03:02]} {[%emt 00:00:03]} 2. Nf3 {[%clk
00:03:04]} Nc6 {[%clk 00:03:03]} {[%emt 00:00:01]} 3. Bc4 {[%clk 00:03:04]}
{[%emt 00:00:02]} Nf6 {[%clk 00:03:03]} {[%emt 00:00:02]} 4. d3 {[%clk
00:03:05]} {[%emt 00:00:01]} Bc5 {[%clk 00:03:01]} {[%emt 00:00:04]} 5. c3
{[%clk 00:03:05]} {[%emt 00:00:01]} d6 {[%clk 00:03:00]} {[%emt 00:00:03]} 6.
Bb3 {[%clk 00:03:06]} {[%emt 00:00:02]} a6 {[%clk 00:02:59]} {[%emt 00:00:03]}
7. h3 {[%clk 00:03:07]} Be6 {[%clk 00:02:58]} {[%emt 00:00:03]} 8. Bc2 {[%clk
00:03:08]} {[%emt 00:00:01]} Qe7 {[%clk 00:02:55]} {[%emt 00:00:04]} 9. O-O
{[%clk 00:03:06]} {[%emt 00:00:04]} Ba7 {[%clk 00:02:53]} {[%emt 00:00:05]} 10.
Nbd2 {[%clk 00:03:03]} {[%emt 00:00:04]} h6 {[%clk 00:02:52]} {[%emt 00:00:03]}
11. Re1 {[%clk 00:02:54]} {[%emt 00:00:12]} O-O-O {[%clk 00:02:50]} {[%emt
00:00:04]} 12. Nf1 {[%clk 00:02:46]} {[%emt 00:00:09]} g5 {[%clk 00:02:51]}
{[%emt 00:00:02]} 13. b4 {[%clk 00:02:46]} {[%emt 00:00:02]} g4 {[%clk
00:02:49]} {[%emt 00:00:04]} 14. hxg4 {[%clk 00:02:47]} {[%emt 00:00:01]} Bxg4
{[%clk 00:02:48]} {[%emt 00:00:03]} 15. Ne3 {[%clk 00:02:42]} {[%emt 00:00:07]}
h5 {[%clk 00:02:43]} {[%emt 00:00:07]} 16. a4 {[%clk 00:02:33]} {[%emt
00:00:12]} Rdg8 {[%clk 00:02:40]} {[%emt 00:00:03]} 17. b5 {[%clk 00:02:16]}
{[%emt 00:00:20]} Nb8 {[%clk 00:02:40]} {[%emt 00:00:02]} 18. Nf5 {[%clk
00:01:39]} {[%emt 00:00:39]} Qd7 {[%clk 00:02:28]} {[%emt 00:00:14]} 19. d4
{[%clk 00:01:37]} {[%emt 00:00:04]} exd4 {[%clk 00:02:00]} {[%emt 00:00:30]} 20.
cxd4 {[%clk 00:01:26]} {[%emt 00:00:13]} h4 {[%clk 00:02:00]} {[%emt 00:00:02]}
21. Qd3 {[%clk 00:00:46]} {[%emt 00:00:42]} Bxf5 {[%clk 00:00:53]} {[%emt
00:01:09]} 22. exf5 {[%clk 00:00:44]} {[%emt 00:00:03]} Rg4 {[%clk 00:00:54]}
23. Rd1 {[%clk 00:00:05]} {[%emt 00:00:43]} Rhg8 {[%clk 00:00:54]} {[%emt
00:00:02]} 24. Ne1 {[%clk 00:00:06]} Bxd4 {[%clk 00:00:46]} {[%emt 00:00:10]}
25. Rb1 {[%clk 00:00:03]} {[%emt 00:00:05]} axb5 {[%clk 00:00:32]} {[%emt
00:00:16]} 26. axb5 {[%clk 00:00:03]} {[%emt 00:00:02]} Ne4 {[%clk 00:00:26]}
{[%emt 00:00:08]} 27. Be3 {[%clk 00:00:04]} {[%emt 00:00:02]} Bxe3 28. Qxe3
{[%clk 00:00:05]} Qxf5 {[%clk 00:00:20]} {[%emt 00:00:02]} 29. Bxe4 Rxe4 {[%clk
00:00:20]} 30. Qd3 {[%clk 00:00:03]} {[%emt 00:00:02]} Rxe1+ {[%clk 00:00:20]}
{[%emt 00:00:03]} 31. Rxe1 {[%clk 00:00:00]} {[%emt 00:00:03]} 1-0

[Event "Turniej Blitza na II Lidze Juniorów 2018"]
[Site "Szczyrk, Poland"]
[Date "????.??.??"]
[Round "7.57"]
[White "Pancewicz, Szymon"]
[Black "Franek, Krzysztof"]
[Result "1-0"]
[TimeControl "3'+2\""]
[WhiteElo "1258"]
[BlackElo "1142"]

1. e4 {[%clk 00:03:03]} {[%emt 00:00:01]} b6 {[%clk 00:03:04]} 2. d4 {[%clk
00:03:03]} {[%emt 00:00:02]} Bb7 {[%clk 00:03:05]} 3. Bd3 {[%clk 00:03:00]}
{[%emt 00:00:05]} e6 {[%clk 00:03:06]} {[%emt 00:00:01]} 4. c4 {[%clk
00:02:58]} {[%emt 00:00:04]} Nf6 {[%clk 00:03:05]} {[%emt 00:00:03]} 5. Nc3
{[%clk 00:02:56]} {[%emt 00:00:04]} Bb4 {[%clk 00:03:07]} 6. Bg5 {[%clk
00:02:57]} {[%emt 00:00:01]} h6 {[%clk 00:02:56]} {[%emt 00:00:12]} 7. Bxf6
{[%clk 00:02:54]} {[%emt 00:00:05]} Qxf6 {[%clk 00:02:34]} {[%emt 00:00:24]} 8.
Nf3 {[%clk 00:02:54]} {[%emt 00:00:02]} d6 {[%clk 00:02:34]} {[%emt 00:00:03]}
9. O-O {[%clk 00:02:51]} {[%emt 00:00:05]} Bxc3 {[%clk 00:02:35]} {[%emt
00:00:01]} 10. bxc3 {[%clk 00:02:51]} {[%emt 00:00:02]} Nd7 {[%clk 00:02:35]}
{[%emt 00:00:01]} 11. Qa4 {[%clk 00:02:34]} {[%emt 00:00:19]} Qe7 {[%clk
00:02:32]} {[%emt 00:00:06]} 12. e5 {[%clk 00:02:33]} {[%emt 00:00:03]} O-O
{[%clk 00:02:23]} {[%emt 00:00:10]} 13. exd6 {[%clk 00:02:29]} {[%emt
00:00:07]} cxd6 {[%clk 00:02:20]} {[%emt 00:00:04]} 14. Rfe1 {[%clk 00:02:21]}
{[%emt 00:00:10]} a5 {[%clk 00:02:21]} {[%emt 00:00:02]} 15. Rab1 {[%clk
00:02:19]} {[%emt 00:00:04]} Rac8 {[%clk 00:02:01]} {[%emt 00:00:21]} 16. c5
{[%clk 00:01:45]} {[%emt 00:00:36]} dxc5 {[%clk 00:01:51]} {[%emt 00:00:12]} 17.
Bb5 {[%clk 00:01:39]} {[%emt 00:00:07]} Rfd8 {[%clk 00:01:38]} {[%emt
00:00:15]} 18. Bxd7 {[%clk 00:01:30]} {[%emt 00:00:12]} Rxd7 {[%clk 00:01:39]}
{[%emt 00:00:01]} 19. Ne5 {[%clk 00:01:30]} {[%emt 00:00:02]} Rd5 {[%clk
00:01:07]} {[%emt 00:00:34]} 20. Rxb6 {[%clk 00:01:24]} {[%emt 00:00:08]} cxd4
{[%emt 00:00:04]} 21. cxd4 {[%clk 00:01:22]} {[%emt 00:00:03]} Ba8 {[%clk
00:00:29]} {[%emt 00:00:39]} 22. h3 {[%clk 00:01:17]} {[%emt 00:00:07]} Qh4
{[%clk 00:00:25]} {[%emt 00:00:06]} 23. Reb1 {[%clk 00:00:56]} {[%emt
00:00:23]} Qxd4 {[%clk 00:00:22]} {[%emt 00:00:06]} 24. Qxd4 {[%clk 00:00:53]}
{[%emt 00:00:05]} Rxd4 {[%clk 00:00:22]} 25. Rb8 {[%clk 00:00:53]} {[%emt
00:00:01]} Rxb8 {[%clk 00:00:22]} {[%emt 00:00:03]} 26. Rxb8+ {[%clk 00:00:55]}
{[%emt 00:00:01]} Kh7 {[%clk 00:00:12]} {[%emt 00:00:12]} 27. Rxa8 {[%clk
00:00:55]} {[%emt 00:00:02]} Rd5 {[%clk 00:00:13]} 28. Nxf7 {[%clk 00:00:53]}
{[%emt 00:00:04]} Rd7 {[%clk 00:00:12]} {[%emt 00:00:03]} 29. Ne5 {[%clk
00:00:53]} {[%emt 00:00:02]} Rd5 {[%clk 00:00:13]} 30. Nc6 {[%clk 00:00:54]}
{[%emt 00:00:01]} Rd1+ {[%clk 00:00:08]} {[%emt 00:00:07]} 31. Kh2 {[%clk
00:00:55]} {[%emt 00:00:01]} Rd2 {[%clk 00:00:09]} {[%emt 00:00:02]} 32. Rxa5
{[%clk 00:00:54]} {[%emt 00:00:03]} Rxf2 {[%clk 00:00:09]} 33. Nd8 {[%clk
00:00:52]} {[%emt 00:00:04]} Re2 {[%clk 00:00:08]} {[%emt 00:00:04]} 34. Ra6
{[%clk 00:00:48]} {[%emt 00:00:05]} e5 {[%clk 00:00:08]} {[%emt 00:00:02]} 35.
a4 {[%clk 00:00:46]} {[%emt 00:00:05]} e4 {[%clk 00:00:09]} 36. a5 {[%clk
00:00:43]} {[%emt 00:00:05]} e3 {[%clk 00:00:08]} {[%emt 00:00:03]} 37. Re6
{[%clk 00:00:43]} {[%emt 00:00:01]} Re1 {[%clk 00:00:07]} {[%emt 00:00:02]} 38.
a6 {[%clk 00:00:44]} {[%emt 00:00:02]} e2 {[%clk 00:00:05]} {[%emt 00:00:04]}
39. a7 {[%clk 00:00:42]} {[%emt 00:00:04]} Ra1 {[%clk 00:00:06]} {[%emt
00:00:01]} 40. Nc6 {[%clk 00:00:41]} {[%emt 00:00:03]} 1-0

[Event "Turniej Blitza na II Lidze Juniorów 2018"]
[Site "Szczyrk, Poland"]
[Date "????.??.??"]
[Round "7.14"]
[White "Oles, Martin"]
[Black "Buraczewski, Rafal"]
[Result "0-1"]
[TimeControl "3'+2\""]
[WhiteElo "1507"]
[BlackElo "1927"]

1. e4 {[%clk 00:03:02]} {[%emt 00:00:02]} e6 {[%clk 00:03:04]} 2. d4 {[%clk
00:03:03]} {[%emt 00:00:02]} d5 {[%clk 00:03:05]} {[%emt 00:00:01]} 3. Nc3
{[%clk 00:03:01]} {[%emt 00:00:03]} Nf6 {[%clk 00:03:06]} {[%emt 00:00:01]} 4.
e5 {[%clk 00:03:02]} {[%emt 00:00:01]} Nfd7 {[%clk 00:03:07]} 5. Bd3 {[%clk
00:02:35]} {[%emt 00:00:29]} c5 {[%clk 00:03:08]} {[%emt 00:00:01]} 6. Nf3
{[%clk 00:02:27]} {[%emt 00:00:11]} Nc6 {[%clk 00:03:07]} {[%emt 00:00:02]} 7.
Bb5 {[%clk 00:02:05]} {[%emt 00:00:24]} cxd4 {[%clk 00:03:05]} {[%emt
00:00:05]} 8. Bxc6 {[%clk 00:01:54]} {[%emt 00:00:12]} bxc6 {[%clk 00:03:06]} 9.
Qxd4 {[%clk 00:01:51]} {[%emt 00:00:05]} c5 {[%clk 00:03:02]} {[%emt 00:00:06]}
10. Qg4 {[%clk 00:01:33]} {[%emt 00:00:21]} Qc7 {[%clk 00:02:31]} {[%emt
00:00:32]} 11. Bf4 {[%clk 00:01:30]} {[%emt 00:00:05]} Bb7 {[%clk 00:02:23]}
{[%emt 00:00:09]} 12. O-O {[%clk 00:01:21]} {[%emt 00:00:11]} Qb6 {[%clk
00:02:11]} {[%emt 00:00:14]} 13. Na4 {[%clk 00:01:06]} {[%emt 00:00:17]} Qb4
{[%clk 00:02:08]} {[%emt 00:00:04]} 14. b3 {[%clk 00:01:06]} {[%emt 00:00:05]}
Bc6 {[%clk 00:01:46]} {[%emt 00:00:23]} 15. Nb2 {[%clk 00:01:04]} {[%emt
00:00:05]} Qe4 {[%clk 00:01:32]} {[%emt 00:00:15]} 16. Nd3 {[%clk 00:00:52]}
{[%emt 00:00:14]} c4 {[%clk 00:01:22]} {[%emt 00:00:12]} 17. Rfe1 {[%clk
00:00:43]} {[%emt 00:00:11]} Qg6 {[%clk 00:01:18]} {[%emt 00:00:06]} 18. Qxg6
{[%clk 00:00:39]} {[%emt 00:00:07]} hxg6 {[%clk 00:01:19]} 19. bxc4 {[%clk
00:00:40]} {[%emt 00:00:01]} dxc4 {[%clk 00:01:20]} 20. Nb2 {[%clk 00:00:26]}
{[%emt 00:00:15]} Bb4 {[%clk 00:01:15]} {[%emt 00:00:06]} 21. Re2 {[%clk
00:00:21]} {[%emt 00:00:08]} Bc3 {[%clk 00:01:12]} {[%emt 00:00:04]} 22. Rb1
{[%clk 00:00:22]} {[%emt 00:00:02]} Rb8 {[%clk 00:01:11]} {[%emt 00:00:03]} 23.
Bc1 {[%clk 00:00:20]} {[%emt 00:00:03]} Bxf3 {[%clk 00:01:10]} {[%emt
00:00:04]} 24. gxf3 {[%clk 00:00:20]} {[%emt 00:00:02]} Bxe5 {[%clk 00:01:06]}
{[%emt 00:00:06]} 25. Rxe5 {[%clk 00:00:16]} {[%emt 00:00:07]} Nxe5 {[%clk
00:01:05]} {[%emt 00:00:03]} 26. Bf4 {[%clk 00:00:16]} f6 {[%clk 00:01:06]}
{[%emt 00:00:01]} 27. Kf1 {[%clk 00:00:06]} {[%emt 00:00:12]} c3 {[%clk
00:01:07]} {[%emt 00:00:01]} 28. Bxe5 {[%clk 00:00:03]} {[%emt 00:00:05]} fxe5
{[%clk 00:01:07]} {[%emt 00:00:02]} 29. Ke2 {[%clk 00:00:04]} Rxb2 {[%clk
00:01:08]} {[%emt 00:00:01]} 0-1